000 00311nam a22001337a 4500
003 SGT
082 _a616.5
_bC16S
100 _aSINGAL, ARCHANA
245 _aCOMPREHENSIVE APPROACH TO INFECTION IN DERMATOLOGY
260 _aINDIA
_bJAYPEE
_c2016
300 _a549
650 _aDERMATOLOGY
942 _2ddc
_cBK
999 _c14611
_d14611